000 00417nam a2200133Ia 4500
008 220217s9999||||xx |||||||||||||| ||und||
020 _a81-85336-00-8
082 _a519.024 62 KRI
100 _aKrishnamurthy, E.V Sen, S.K
245 0 _aNimerical algorithams: computations in science and engineeri
260 _aAffiliated east west press Pvt. Ltd.
_bNew Delhi
_c1986
300 _b295
650 _aMATHEMATICS
999 _c165684
_d165684